NFL Top 10 Yards from Scrimmage 2020s - Statistics

General Stats
  • This quiz has been taken 171 times
    57 since last reset
  • The average score is 58 of 60
Answer Stats
Year Team Player % Correct
2023: 7 Lions Amon-Ra St. Brown
100%
2023: 2 Cowboys CeeDee Lamb
100%
2025: 2 49ers Christian McCaffrey
100%
2023: 1 49ers Christian McCaffrey
100%
2022: 3 Panthers/49ers Christian McCaffrey
100%
2021: 2 Rams Cooper Kupp
100%
2020: 2 Vikings Dalvin Cook
100%
2025: 9 Ravens Derrick Henry
100%
2024: 2 Ravens Derrick Henry
100%
2022: 2 Titans Derrick Henry
100%
2020: 1 TItans Derrick Henry
100%
2025: 5 Lions Jahmyr Gibbs
100%
2024: 3 Lions Jahmyr Gibbs
100%
2024: 5 Bengals Ja'Marr Chase
100%
2021: 9 Bengals Ja'Marr Chase
100%
2025: 4 Bills James Cook
100%
2023: 6 BIlls James Cook
100%
2025: 7 Seahawks Jaxon Smith-Njigba
100%
2024: 9 Vikings Justin Jefferson
100%
2022: 4 Vikings Justin Jefferson
100%
2021: 5 Vikings Justin Jefferson
100%
2025: 8 Rams Puka Nacua
100%
2023: 5 Rams Puka Nacua
100%
2024: 1 Eagles Saquon Barkley
100%
2022: 7 Giants Saquon Barkley
100%
2023: 3 Dolphins Tyreek Hill
100%
2022: 6 Dolphins Tyreek Hill
100%
2025: 1 Falcons Bijan Robinson
98%
2024: 4 Falcons Bijan Robinson
98%
2023: 10 Falcons Bijan Robinson
98%
2022: 10 Raiders Davante Adams
98%
2021: 7 Packers Davante Adams
98%
2020: 9 Jaguars James Robinson
98%
2025: 3 Colts Jonathan Taylor
98%
2024: 7 Colts Jonathan Taylor
98%
2021: 1 Colts Jonathan Taylor
98%
2020: 6 Colts Jonathan Taylor
98%
2024: 6 Packers Josh Jacobs
98%
2022: 1 Raiders Josh Jacobs
98%
2022: 5 Browns Nick Chubb
98%
2021: 10 Browns Nick Chubb
98%
2024: 8 Vikings Aaron Jones
95%
2022: 9 Packers Aaron Jones
95%
2020: 7 Packers Aaron Jones
95%
2020: 3 Saints Alvin Kamara
95%
2025: 6 Dolphins De'Von Achane
95%
2025: 10 Rams Kyren Williams
95%
2020: 4 Bills Stefon Diggs
95%
2023: 4 Jets Breece Hall
93%
2020: 8 Chiefs Travis Kelce
93%
2024: 10 Buccaneers Bucky Irving
90%
2021: 3 49ers Deebo Samuel
90%
2021: 8 Bengals Joe Mixon
88%
2022: 8 Chargers Austin Ekeler
85%
2021: 6 Chargers Austin Ekeler
85%
2021: 4 Steelers Najee Harris
85%
2023: 9 Jaguars Travis Etienne
85%
2020: 10 Cardinals DeAndre Hopkins
76%
2023: 8 Buccaneers Rachaad White
76%
2020: 5 Bears David Montgomery
73%
No matching quizzes found
Score Distribution
Percent of People with Each Score
Percentile by Number Answered
Your Score History
You have not taken this quiz since the last reset